| 000 | 00792nam a2200229 a 4500 | ||
|---|---|---|---|
| 005 | 20240420064113.0 | ||
| 008 | 190327s2010 mx r 000 0 spa d | ||
| 020 | _a9786077796091 | ||
| 035 | _aUPN01000229824 | ||
| 040 |
_aUPN _bspa _cUPN |
||
| 049 | _aCG | ||
| 050 | 4 |
_aLE7.2931 N2k _bU5.4 |
|
| 110 | 2 |
_aUniversidad Pedagógica Nacional (México). _bSistema de Educación a Distancia. _bUnidad 253 _928274 |
|
| 245 | 0 | 0 |
_aPlan Institucional de Desarrollo 2009-2012 / _bUniversidad Pedagógica Nacional Unidad 253 |
| 260 |
_aMochis, Sin. _bUPN, Unidad 253 _c2010. |
||
| 300 |
_a144 p. : _bcuadros |
||
| 610 | 2 | 4 |
_aUNIVERSIDAD PEDAGOGICA NACIONAL (MEXICO) - _xPROFESORADO _92899 |
| 650 | 4 |
_aCalidad de la educación _94684 |
|
| 905 | _aLibro | ||
| 942 |
_2lcc _cLIBRO |
||
| 999 |
_c201919 _d201919 |
||